000 00274nam a22001097a 4500
008 170123b xxu||||| |||| 00| 0 eng d
020 _a9780071387705
041 _aeng
080 _a618.2
245 _aCURRENT CARE OF WOMEN DIAGNOSIS & TREATMEENT
_cLEMCKE, D
942 _2udc
_cBK
999 _c3393
_d3393